000
00299 a2200133 4500
999
_c
2509
_d
2509
003
OSt
005
20210713070143.0
008
210713b ||||| |||| 00| 0 eng d
020
_a
0433001674
040
_c
ALUPE UNIVERSITY
050
_a
RT 86.3
_b
.J83 1989
245
_a
MOBILITY
942
_2
lcc
_c
BK
_n
PW